| 000 | 02307cam a22003617a 4500 | ||
|---|---|---|---|
| 999 |
_c532188 _d532188 |
||
| 001 | 15821775 | ||
| 003 | NUST | ||
| 005 | 20191112112858.0 | ||
| 008 | 090717s2009 vraa bd f001 0 eng d | ||
| 010 | _a 2009288126 | ||
| 020 | _a9780643096073 (pbk.) | ||
| 020 | _a0643096078 (pbk.) | ||
| 035 | _a(OCoLC)ocn271979455 | ||
| 037 | _bCSIRO Publishing, PO Box 1139, Collingwood VIC 3066 | ||
| 038 | _aMSOHAIL | ||
| 040 |
_aAU@ _cAU@ _dBTCTA _dYDXCP _dBWX _dAGL _dOCLCQ _dDLC |
||
| 042 | _alccopycat | ||
| 050 | 0 | 0 |
_aSB436 _b.D53 2009 |
| 070 | 0 |
_aSB436 _b.D52 2009 |
|
| 082 | 0 | 4 |
_a635.97703 _222 |
| 245 | 0 | 0 |
_aDictionary for managing trees in urban environments / _c[edited by] Danny B. Draper and Peter A. Richards. |
| 260 |
_aCollingwood, Vic. : _bCSIRO Publishing : _bInstitute of Australian Consulting Arborculturists, _cc2009. |
||
| 300 |
_axii, 210 p. : _bill. ; _c25 cm. |
||
| 504 | _aIncludes bibliographical references (p. 179-186) and indexes. | ||
| 520 | _a"Dictionary for Managing Trees in Urban Environments is a comprehensive list of terms used in the universal management of urban trees. Many of the terms are from Arboricultural science, while others are derived from unproven but commonly applied concepts. Some new concepts have been introduced where the existing terminology to describe trees was limited or nonexistent. This dictionary allows for broad application and use by a wide variety of people and conveys in plain language concepts that are sometimes complex. Most major terms have been cross referenced and diagrams have been added for greater understanding. Dictionary for Managing Trees in Urban Environments promotes a greater understanding of Arboriculture and Urban Forestry, and will assist in the preparation of reports for the management of trees, procedures and planning instruments, such as Tree Management Policies and Tree Management Orders."--Provided by publisher. | ||
| 650 | 0 |
_aUrban forestry _vDictionaries. _925529 |
|
| 650 | 0 |
_aTrees in cities _vDictionaries. _925530 |
|
| 700 | 1 |
_aDraper, Danny B. _925531 |
|
| 700 | 1 |
_aRichards, Peter A. _925532 |
|
| 906 |
_a7 _bcbc _ccopycat _d2 _encip _f20 _gy-gencatlg |
||
| 942 |
_2ddc _cBK |
||